[Event "Tata Steel India Rapid"]
[Site "Kolkata IND"]
[Date "2021.11.19"]
[Round "7.4"]
[White "Baskaran Adhiban"]
[Black "Arjun Erigaisi"]
[Result "1/2-1/2"]
[EventDate "2021.11.17"]
[WhiteElo "2672"]
[BlackElo "2627"]
[PlyCount "90"]

1. e4 e5 2. Nf3 Nf6 3. Nxe5 d6 4. Nf3 Nxe4 5. Qe2 Qe7 6. d3 Nf6 7. Nc3 Qxe2+ 8. Bxe2 c6 9. h3 Na6 10. Bf4 Bf5 11. O-O-O O-O-O 12. Nd4 Bd7 13. Ne4 Nxe4 14. dxe4 Nc5 15. Bf3 Be7 16. Nb3 Nxb3+ 17. axb3 Be6 18. Rd3 Rd7 19. Rhd1 Rhd8 20. Bg4 Kc7 21. c4 b6 22. Kc2 a5 23. Bg3 g6 24. Bxe6 fxe6 25. Rf3 Rf8 26. Rdd3 Rdd8 27. Bf4 g5 28. Bd2 h5 29. g4 h4 30. Bc3 Rf4 31. Rxf4 gxf4 32. b4 axb4 33. Bxb4 c5 34. Bd2 Bg5 35. Ra3 Kb7 36. f3 d5 37. exd5 exd5 38. cxd5 Rxd5 39. Ra4 Re5 40. Bxf4 Bxf4 41. Rxf4 Re2+ 42. Kc3 Rh2 43. g5 Rxh3 44. g6 Rg3 45. g7 Rxg7 1/2-1/2

[Event "Tata Steel India Rapid"]
[Site "Kolkata IND"]
[Date "2021.11.19"]
[Round "8.5"]
[White "Arjun Erigaisi"]
[Black "Santosh Gujrathi Vidit"]
[Result "1/2-1/2"]
[EventDate "2021.11.17"]
[WhiteElo "2627"]
[BlackElo "2727"]
[PlyCount "24"]

1. d4 Nf6 2. c4 e6 3. Nf3 d5 4. Nc3 Bb4 5. Bg5 h6 6. Bxf6 Qxf6 7. Qb3 c5 8. cxd5 exd5 9. e3 O-O 10. dxc5 Bxc3+ 11. Qxc3 Qxc3+ 12. bxc3 Nd7 1/2-1/2

[Event "Tata Steel India Rapid"]
[Site "Kolkata IND"]
[Date "2021.11.19"]
[Round "9.1"]
[White "Levon Aronian"]
[Black "Arjun Erigaisi"]
[Result "1/2-1/2"]
[EventDate "2021.11.17"]
[WhiteElo "2782"]
[BlackElo "2627"]
[PlyCount "94"]

1. e4 e5 2. Nf3 Nf6 3. Nxe5 d6 4. Nf3 Nxe4 5. d4 d5 6. Bd3 Bd6 7. O-O O-O 8. c4 c6 9. Re1 Bf5 10. Qb3 Qd7 11. Be3 Na6 12. cxd5 cxd5 13. a3 Nc7 14. Bf1 Rae8 15. Nbd2 a6 16. Nxe4 Bxe4 17. Ne5 Bxe5 18. dxe5 d4 19. Rad1 Ne6 20. Bxd4 Nxd4 21. Qe3 Bc6 22. Rxd4 Qe7 23. f4 g6 24. Red1 Rd8 25. Rd6 Rxd6 26. Rxd6 Rd8 27. Qd4 Rxd6 28. exd6 Qe6 29. Kf2 Qf5 30. Be2 h5 31. h4 Qe6 32. b4 Qf5 33. a4 Bd7 34. Qe5 Qc2 35. Qe7 Qxa4 36. Kg3 Be6 37. Bc4 Qa3+ 38. Kh2 Qxb4 39. Bxe6 Qxf4+ 40. Kh3 Qe3+ 41. g3 Qf3 42. Bxf7+ Qxf7 43. Qd8+ Qf8 44. Qc7 Qf1+ 45. Kh2 Qf2+ 46. Kh1 Qf1+ 47. Kh2 Qf2+ 1/2-1/2

[Event "Tata Steel India Rapid"]
[Site "Kolkata IND"]
[Date "2021.11.18"]
[Round "4.2"]
[White "R Vaishali"]
[Black "Arjun Erigaisi"]
[Result "0-1"]
[EventDate "2021.11.17"]
[WhiteElo "2405"]
[BlackElo "2627"]
[PlyCount "184"]

1. e4 e5 2. Nf3 Nc6 3. Bb5 Nge7 4. Nc3 Ng6 5. d4 Nxd4 6. Nxd4 exd4 7. Qxd4 c6 8. Bc4 Qb6 9. Be3 Qxd4 10. Bxd4 b5 11. Bb3 a5 12. a4 b4 13. Ne2 Ba6 14. Ng3 Nf4 15. O-O-O h5 16. Be5 Ne2+ 17. Nxe2 Bxe2 18. Rd2 Bg4 19. f3 Be6 20. Bxe6 fxe6 21. Rhd1 O-O-O 22. b3 Rg8 23. Kb2 Be7 24. Bd6 Bxd6 25. Rxd6 g5 26. c3 bxc3+ 27. Kxc3 Kc7 28. e5 Rgf8 29. R6d4 Rf5 30. Re1 c5 31. Rd6 g4 32. fxg4 hxg4 33. Re2 Rh8 34. g3 Rf3+ 35. Rd3 Rhf8 36. Re4 Rxd3+ 37. Kxd3 Rf2 38. Rxg4 Rxh2 39. Rg8 Kc6 40. Ke4 Re2+ 41. Kf4 Kd5 42. Rd8 Rf2+ 43. Kg5 Kxe5 44. Rxd7 Rf3 45. g4 Rxb3 46. Ra7 c4 47. Rxa5+ Kd4 48. Ra8 c3 49. Rd8+ Ke4 50. Rc8 e5 51. Kf6 Rb6+ 52. Kf7 Kd3 53. g5 e4 54. Rd8+ Kc4 55. Re8 c2 56. g6 Kb3 57. g7 Rb7+ 58. Re7 Rb8 59. Re8 Rxe8 60. Kxe8 c1=Q 61. g8=Q+ Qc4 62. Qg4 e3 63. Qd1+ Kb2 64. a5 Qb5+ 65. Kf8 Qxa5 66. Qe2+ Qd2 67. Qb5+ Kc1 68. Qc4+ Qc2 69. Qf1+ Kd2 70. Qf4 Qc5+ 71. Kg8 Qd5+ 72. Kh8 Kd3 73. Qg3 Qh5+ 74. Kg7 Qf5 75. Kh8 Ke4 76. Qg2+ Ke5 77. Qb2+ Kf4 78. Qh2+ Kf3 79. Qh1+ Ke2 80. Qh2+ Qf2 81. Qh5+ Qf3 82. Qb5+ Kf2 83. Qc5 Kf1 84. Qc1+ Kg2 85. Qc2+ e2 86. Qb2 Qf8+ 87. Kh7 Qf5+ 88. Kh8 Kf1 89. Qb7 Qh5+ 90. Kg8 e1=Q 91. Qa6+ Qee2 92. Qa1+ Kg2 0-1

[Event "Tata Steel India Rapid"]
[Site "Kolkata IND"]
[Date "2021.11.18"]
[Round "5.5"]
[White "Arjun Erigaisi"]
[Black "Quang Liem Le"]
[Result "1-0"]
[EventDate "2021.11.17"]
[WhiteElo "2627"]
[BlackElo "2709"]
[PlyCount "64"]

1. d4 Nf6 2. c4 e6 3. Nc3 Bb4 4. e3 O-O 5. Bd2 d5 6. Nf3 b6 7. cxd5 exd5 8. Bd3 Bb7 9. O-O Nbd7 10. Ne5 Nxe5 11. dxe5 Nd7 12. f4 Nc5 13. Bc2 d4 14. Na4 a5 15. Bxb4 axb4 16. Nxc5 bxc5 17. exd4 cxd4 18. Bd3 g6 19. Qd2 Qd5 20. Rae1 Rfe8 21. Be4 Qb5 22. Bxb7 Qxb7 23. f5 Qd5 24. f6 d3 25. Kh1 Qc5 26. e6 Rxe6 27. Rxe6 fxe6 28. Qxd3 Qd5 29. Qc2 Rf8 30. Qxc7 Rxf6 31. Qb8+ Kg7 32. Qa7+ 1-0

[Event "Tata Steel India Rapid"]
[Site "Kolkata IND"]
[Date "2021.11.18"]
[Round "6.2"]
[White "Arjun Erigaisi"]
[Black "Sam Shankland"]
[Result "1-0"]
[EventDate "2021.11.17"]
[WhiteElo "2627"]
[BlackElo "2708"]
[PlyCount "38"]

1. d4 d5 2. Nf3 Nf6 3. Bf4 e6 4. e3 Bd6 5. Bd3 O-O 6. Nbd2 b6 7. Ne5 c5 8. c3 Qc7 9. Qf3 Nbd7 10. Qg3 Ne8 11. Ndf3 cxd4 12. cxd4 Bxe5 13. dxe5 g6 14. O-O Nc5 15. Rac1 a5 16. Qh4 Ba6 17. Bxa6 Rxa6 18. g4 Ng7 19. Qh6 1-0

[Event "Tata Steel India Rapid"]
[Site "Kolkata IND"]
[Date "2021.11.17"]
[Round "2.1"]
[White "R Praggnanandhaa"]
[Black "Arjun Erigaisi"]
[Result "1-0"]
[EventDate "2021.11.17"]
[WhiteElo "2610"]
[BlackElo "2627"]
[PlyCount "150"]

1. d4 d5 2. Nf3 Nf6 3. Bf4 Bf5 4. c4 e6 5. Qb3 dxc4 6. Qxb7 Be4 7. Qxc7 Qxc7 8. Bxc7 Bb4+ 9. Nbd2 O-O 10. Bg3 Nbd7 11. e3 Bd5 12. Kd1 Rfc8 13. Rc1 Nb6 14. a3 Ba5 15. Ne5 Bxd2 16. Kxd2 Ne4+ 17. Ke1 f6 18. Nf3 Na4 19. Nd2 Nxg3 20. hxg3 Nxb2 21. e4 Nd3+ 22. Bxd3 cxd3 23. Rc5 Bb7 24. f3 Rxc5 25. dxc5 Rc8 26. Nb3 Ba6 27. Kd2 Bc4 28. Rb1 h5 29. Na5 Rxc5 30. Nxc4 Rxc4 31. Kxd3 Ra4 32. Rb3 e5 33. Kc2 Kh7 34. Rd3 Rc4+ 35. Kb3 Rc1 36. Rd2 Kh6 37. Kb4 g6 38. a4 Rb1+ 39. Kc5 a5 40. f4 Rb4 41. fxe5 fxe5 42. Kd5 Kg5 43. Kxe5 Rxa4 44. Kd5 Ra3 45. e5 Rxg3 46. e6 Re3 47. Kd6 Kg4 48. e7 Kg3 49. Rd5 Rxe7 50. Kxe7 Kxg2 51. Kf6 h4 52. Kg5 h3 53. Kg4 h2 54. Rd2+ Kg1 55. Rd1+ Kg2 56. Rd2+ Kg1 57. Kg3 h1=N+ 58. Kf3 g5 59. Rc2 a4 60. Ra2 g4+ 61. Kxg4 Nf2+ 62. Kf3 Nd3 63. Ra1+ Kh2 64. Rxa4 Ne5+ 65. Kf4 Nd3+ 66. Ke3 Ne5 67. Re4 Ng6 68. Rg4 Ne7 69. Ke4 Kh3 70. Rg7 Nc6 71. Rc7 Nb4 72. Rc4 Na6 73. Kd5 Kg3 74. Kc6 Nb8+ 75. Kc7 1-0

[Event "Tata Steel India Rapid"]
[Site "Kolkata IND"]
[Date "2021.11.17"]
[Round "1.3"]
[White "Arjun Erigaisi"]
[Black "Parham Maghsoodloo"]
[Result "1-0"]
[EventDate "2021.11.17"]
[WhiteElo "2627"]
[BlackElo "2706"]
[PlyCount "90"]

1. d4 Nf6 2. c4 g6 3. Nc3 d5 4. cxd5 Nxd5 5. Bd2 c5 6. e4 Nxc3 7. Bxc3 cxd4 8. Bxd4 e5 9. Bxe5 Bb4+ 10. Bc3 Bxc3+ 11. bxc3 Qc7 12. Qc2 O-O 13. Bd3 b6 14. Ne2 Nd7 15. O-O Bb7 16. Rfd1 Rac8 17. Rac1 Rfd8 18. Nd4 a6 19. f3 b5 20. Bf1 Nb6 21. Qf2 Nc4 22. h4 h5 23. Bxc4 Qxc4 24. Rd2 b4 25. Rdc2 Qd3 26. Ne2 Rd7 27. c4 a5 28. Nf4 Qd4 29. Nd5 Qxf2+ 30. Kxf2 Rc6 31. Ke3 f6 32. Kd4 Kf7 33. Rb2 Ba6 34. a3 bxa3 35. Ra2 Rb6 36. Rxa3 Rb2 37. Rxa5 Bb7 38. Ra7 g5 39. hxg5 fxg5 40. g3 Rb3 41. Ke5 Rxf3 42. Rb1 Bc6 43. Rxd7+ Bxd7 44. Rb7 h4 45. gxh4 1-0

[Event "Tata Steel India Rapid"]
[Site "Kolkata IND"]
[Date "2021.11.17"]
[Round "3.4"]
[White "Arjun Erigaisi"]
[Black "Murali Karthikeyan"]
[Result "1-0"]
[EventDate "2021.11.17"]
[WhiteElo "2627"]
[BlackElo "2630"]
[PlyCount "34"]

1. d4 Nf6 2. Bg5 d5 3. Nd2 c5 4. dxc5 e6 5. e4 Nc6 6. Ngf3 dxe4 7. Bxf6 Qxf6 8. Nxe4 Qxb2 9. Rb1 Qxa2 10. Bb5 Qa5+ 11. c3 Bxc5 12. O-O Be7 13. Nd6+ Kf8 14. c4 Qc7 15. c5 Nd8 16. Qd4 b6 17. Ne8 1-0

[Event "Lindores Abbey Tal Mem"]
[Site "Riga LAT"]
[Date "2021.11.08"]
[Round "13.1"]
[White "Jeffery Xiong"]
[Black "Erigaisi Arjun"]
[Result "1-0"]
[EventDate "?"]
[WhiteElo "2687"]
[BlackElo "2627"]
[PlyCount "38"]

1. d4 d5 2. Nf3 Nf6 3. Bf4 Bf5 4. c4 dxc4 5. e3 b5 6. a4 c6 7. axb5 cxb5 8. Nc3 Qb6 9. Ne5 e6 10. g4 Nxg4 11. Nxg4 Nc6 12. Bg2 Bd3 13. Ne5 Nxe5 14. Bxa8 Nc6 15. Qf3 Nb4 16. Kd2 Be7 17. Qb7 O-O 18. Qxb6 axb6 19. Ra7 1-0

[Event "Lindores Abbey Tal Mem"]
[Site "Riga LAT"]
[Date "2021.11.08"]
[Round "14.1"]
[White "Erigaisi Arjun"]
[Black "Jeffery Xiong"]
[Result "1-0"]
[EventDate "?"]
[WhiteElo "2627"]
[BlackElo "2687"]
[PlyCount "58"]

1. d4 Nf6 2. c4 e6 3. g3 d5 4. Bg2 Bb4+ 5. Bd2 Be7 6. Nf3 O-O 7. O-O c6 8. Bc3 Ne4 9. Nbd2 Nd6 10. b3 b6 11. a4 a5 12. Ne5 Ba6 13. e4 dxc4 14. bxc4 Bf6 15. Nxc6 Nxc6 16. e5 Rc8 17. exf6 Qxf6 18. Bxc6 Rxc6 19. d5 Qxc3 20. dxc6 Nxc4 21. Nxc4 Qxc4 22. Qd6 h5 23. Rfc1 Qe4 24. Re1 Qc4 25. Rab1 Qg4 26. Rxb6 Bc8 27. Qf4 Qg6 28. c7 e5 29. Rxg6 1-0

[Event "Lindores Abbey Tal Mem"]
[Site "Riga LAT"]
[Date "2021.11.08"]
[Round "2.38"]
[White "Nino Batsiashvili"]
[Black "Erigaisi Arjun"]
[Result "0-1"]
[EventDate "?"]
[WhiteElo "2491"]
[BlackElo "2627"]
[PlyCount "60"]

1. d4 e6 2. c4 c5 3. d5 exd5 4. cxd5 d6 5. Nf3 g6 6. Nc3 a6 7. a4 Bg7 8. g3 Ne7 9. Bg2 O-O 10. O-O Re8 11. Nd2 Nd7 12. Nc4 Ne5 13. Na3 Nf5 14. h3 h5 15. e4 Nd4 16. Nc2 Nb3 17. Ra3 Nxc1 18. Qxc1 h4 19. g4 g5 20. Ne3 Nd3 21. Qd2 Nf4 22. Nf5 Bxf5 23. exf5 Bxc3 24. bxc3 Re2 25. Qd1 Qf6 26. Rb3 Re7 27. Rb6 c4 28. Kh2 Qxc3 29. Qb1 Qe5 30. Kh1 0-1

[Event "Lindores Abbey Tal Mem"]
[Site "Riga LAT"]
[Date "2021.11.08"]
[Round "1.38"]
[White "Erigaisi Arjun"]
[Black "Nino Batsiashvili"]
[Result "1-0"]
[EventDate "?"]
[WhiteElo "2627"]
[BlackElo "2491"]
[PlyCount "130"]

1. e4 e5 2. Nf3 Nc6 3. Bc4 Nf6 4. d3 Bc5 5. O-O a6 6. c3 d6 7. b4 Ba7 8. a4 O-O 9. Re1 Ng4 10. Re2 Kh8 11. h3 Nxf2 12. Rxf2 Bxf2+ 13. Kxf2 f5 14. Kg1 Qf6 15. Bg5 Qg6 16. Bd5 fxe4 17. Bxe4 Bf5 18. Nbd2 Bxe4 19. dxe4 Rf7 20. b5 Nd8 21. Bxd8 Rxd8 22. bxa6 bxa6 23. a5 d5 24. Nxe5 Qf6 25. Nxf7+ Qxf7 26. Qf3 Qe7 27. exd5 Qc5+ 28. Kh1 h6 29. Nb3 Qc4 30. Nd4 Rxd5 31. Qf8+ Kh7 32. Qf3 Re5 33. Qc6 Qd3 34. Qxc7 Re3 35. Qf4 Qd2 36. Rf1 Qxc3 37. Qf5+ Kg8 38. Nf3 Qc4 39. Rd1 Re8 40. Qd5+ Qxd5 41. Rxd5 Re6 42. Kg1 Rc6 43. Kh2 Re6 44. Kg3 Kh7 45. Kf4 Rf6+ 46. Ke4 Rg6 47. g4 Rc6 48. h4 Rc4+ 49. Nd4 Ra4 50. h5 Ra1 51. Nc6 Ra4+ 52. Kf5 Ra1 53. Nb4 Rf1+ 54. Ke5 Rf6 55. Rd6 Rf1 56. Rxa6 Re1+ 57. Kf4 Rf1+ 58. Kg3 Rg1+ 59. Kh3 Rh1+ 60. Kg2 Rc1 61. Rb6 Rc4 62. Kg3 Rc3+ 63. Kh4 Ra3 64. a6 Kg8 65. Rb7 1-0

[Event "Lindores Abbey Tal Mem"]
[Site "Riga LAT"]
[Date "2021.11.08"]
[Round "10.1"]
[White "Haik M Martirosyan"]
[Black "Erigaisi Arjun"]
[Result "1/2-1/2"]
[EventDate "?"]
[WhiteElo "2624"]
[BlackElo "2627"]
[PlyCount "158"]

1. d4 d5 2. c4 c6 3. Nf3 Nf6 4. Nc3 e6 5. Bg5 h6 6. Bxf6 Qxf6 7. e3 Nd7 8. Bd3 dxc4 9. Bxc4 Bd6 10. O-O Qe7 11. Bb3 O-O 12. Qd3 e5 13. Rad1 Nf6 14. dxe5 Bxe5 15. Nxe5 Qxe5 16. Qd4 Qxd4 17. Rxd4 c5 18. Rd6 Bf5 19. Rfd1 Rac8 20. Bc4 Ne4 21. Nxe4 Bxe4 22. f3 Bc6 23. e4 Rfe8 24. Kf2 Kf8 25. g4 Ke7 26. e5 b5 27. Be2 Red8 28. f4 Rxd6 29. Rxd6 f6 30. Ke3 a5 31. Bd3 fxe5 32. fxe5 Be8 33. Rb6 c4 34. Rb7+ Kd8 35. Bf5 Rc7 36. Rb8+ Ke7 37. Ra8 b4 38. Rxa5 c3 39. bxc3 bxc3 40. Bc2 Bd7 41. h3 h5 42. gxh5 Bxh3 43. Ra6 Be6 44. a4 Rd7 45. Rc6 Bf7 46. Rxc3 Bxh5 47. Rc5 Bd1 48. Bxd1 Rxd1 49. a5 Ke6 50. Ke4 Re1+ 51. Kd4 Rd1+ 52. Kc4 g5 53. a6 Ra1 54. Kb5 g4 55. Rc4 g3 56. Rg4 Rb1+ 57. Kc6 Rc1+ 58. Kb7 Rb1+ 59. Kc8 Rc1+ 60. Kd8 Rd1+ 61. Ke8 Rd3 62. Rg5 Ra3 63. Kd8 Rd3+ 64. Kc7 Rc3+ 65. Kb6 Rb3+ 66. Kc5 Ra3 67. Kb5 Kf7 68. Kb6 Ke6 69. a7 Rb3+ 70. Kc7 Rc3+ 71. Kb8 Rb3+ 72. Ka8 Kf7 73. Rg4 Ke6 74. Rg8 Kxe5 75. Rb8 Ra3 76. Kb7 Kf4 77. Rg8 Rxa7+ 78. Kxa7 Kf3 79. Rxg3+ 1/2-1/2

[Event "Lindores Abbey Tal Mem"]
[Site "Riga LAT"]
[Date "2021.11.08"]
[Round "9.1"]
[White "Erigaisi Arjun"]
[Black "Haik M Martirosyan"]
[Result "1-0"]
[EventDate "?"]
[WhiteElo "2627"]
[BlackElo "2624"]
[PlyCount "88"]

1. d4 Nf6 2. Bg5 c5 3. d5 d6 4. Nc3 Nbd7 5. e4 a6 6. a4 g6 7. Nf3 Bg7 8. Nd2 O-O 9. Be2 Rb8 10. O-O Ne8 11. a5 h6 12. Be3 Nc7 13. Nc4 Nb5 14. Qd2 Kh7 15. f4 Nd4 16. Bd3 Nf6 17. h3 e6 18. Nb6 exd5 19. Ncxd5 Nxd5 20. Nxd5 f5 21. Rae1 Be6 22. Bxd4 Bxd4+ 23. Kh2 Bg7 24. Nb6 Qf6 25. exf5 gxf5 26. Bc4 d5 27. Bxd5 Rbd8 28. c4 Rd6 29. Qc2 Qg6 30. Rf3 Bd4 31. Rg3 Qf6 32. Rxe6 Rxe6 33. Nd7 Re1 34. Nxf6+ Rxf6 35. Rg8 Bg1+ 36. Kg3 Re3+ 37. Kh4 Bh2 38. g3 Bg1 39. Qd1 Bf2 40. Qd2 Bg1 41. Qg2 Re1 42. Rd8 Bd4 43. Bg8+ Kh8 44. Qxb7 1-0

[Event "FIDE Grand Swiss 2021"]
[Site "Riga LAT"]
[Date "2021.11.07"]
[Round "11.25"]
[White "Radoslaw Wojtaszek"]
[Black "Arjun Erigaisi"]
[Result "1/2-1/2"]
[EventDate "?"]
[WhiteElo "2691"]
[BlackElo "2634"]
[PlyCount "68"]

1. d4 d5 2. c4 c6 3. Nf3 Nf6 4. e3 Bf5 5. Nc3 e6 6. Nh4 Be4 7. f3 Bg6 8. Bd2 Be7 9. Nxg6 hxg6 10. Qb3 Qc7 11. cxd5 cxd5 12. O-O-O Nc6 13. Kb1 a6 14. Rc1 O-O 15. g4 Na5 16. Qd1 Nc4 17. g5 Nh5 18. Bxc4 Qxc4 19. f4 Rac8 20. Rg1 Bb4 21. Be1 Bxc3 22. Rxc3 Qb5 23. Qd3 Qxd3+ 24. Rxd3 f6 25. Bb4 Rf7 26. h4 b6 27. Rc3 Rxc3 28. Bxc3 Rc7 29. Kc2 Kf7 30. Kd3 Rc4 31. a3 Rc6 32. Ke2 Rc4 33. Kf3 Ke7 34. Ke2 1/2-1/2

[Event "FIDE Grand Swiss 2021"]
[Site "Riga LAT"]
[Date "2021.11.06"]
[Round "10.24"]
[White "Arjun Erigaisi"]
[Black "David Navara"]
[Result "1/2-1/2"]
[EventDate "2021.10.27"]
[WhiteElo "2634"]
[BlackElo "2691"]
[PlyCount "104"]

1. d4 Nf6 2. c4 g6 3. Nc3 d5 4. cxd5 Nxd5 5. e4 Nxc3 6. bxc3 Bg7 7. Qa4+ Nd7 8. Nf3 O-O 9. Be2 Nb6 10. Qd1 c5 11. O-O Bg4 12. Be3 Rc8 13. Rb1 cxd4 14. cxd4 e6 15. h3 Bxf3 16. Bxf3 Rc7 17. d5 exd5 18. exd5 Qd6 19. Rc1 Nc4 20. Bxa7 Bh6 21. Rc2 b6 22. Qe2 Ne5 23. Rxc7 Qxc7 24. Qa6 Nxf3+ 25. gxf3 Qd7 26. Qxb6 Qxh3 27. Qf6 Bg7 28. Qf4 Qd7 29. Bc5 Rc8 30. Bd6 h5 31. Rb1 g5 32. Qb4 Rc3 33. Kg2 h4 34. Rd1 h3+ 35. Kg1 Rxf3 36. Qe4 Rxf2 37. Kxf2 Qxd6 38. Kg1 Qg3+ 39. Kh1 Be5 40. Qe2 Bd6 41. Rg1 Qf4 42. Rf1 Qa4 43. Qe3 Bf4 44. Rxf4 gxf4 45. Qxh3 Qxa2 46. Qg2+ Qxg2+ 47. Kxg2 Kf8 48. Kf3 Ke7 49. Kxf4 Kd6 50. Ke4 f6 51. Kf5 Kxd5 52. Kxf6 1/2-1/2

[Event "FIDE Grand Swiss 2021"]
[Site "Riga LAT"]
[Date "2021.11.05"]
[Round "9.31"]
[White "Arjun Erigaisi"]
[Black "Temur Kuybokarov"]
[Result "1/2-1/2"]
[EventDate "?"]
[WhiteElo "2634"]
[BlackElo "2549"]
[PlyCount "244"]

1. e4 e5 2. Nc3 Nf6 3. Bc4 Bc5 4. d3 c6 5. Nf3 d6 6. a3 Bb6 7. h3 Nbd7 8. O-O h6 9. d4 exd4 10. Nxd4 O-O 11. Nb3 Ne5 12. Be2 Re8 13. Bf4 Ng6 14. Bxd6 Nxe4 15. Nxe4 Rxe4 16. Bd3 Re8 17. Bxg6 fxg6 18. c4 Qg5 19. Qc1 Be6 20. Qxg5 hxg5 21. c5 Bd8 22. Nd4 Bd5 23. Nc2 Bf6 24. Ne3 Bb3 25. Rfe1 Re6 26. Re2 Rd8 27. Rc1 Bd4 28. Rce1 Rde8 29. Rd2 Re4 30. Rd3 Ba4 31. Rb1 Bb5 32. Rd2 Bxe3 33. fxe3 Rxe3 34. Rc1 a5 35. Rf2 a4 36. Rcc2 R3e4 37. Kh2 Bc4 38. Rc3 Bd5 39. Rd3 Kh7 40. Rdd2 g4 41. hxg4 Rxg4 42. Rf4 Re4 43. Rxg4 Rxg4 44. Re2 g5 45. Be5 Rc4 46. Bc3 Rxc5 47. Re7 b5 48. Rxg7+ Kh6 49. Re7 Rc4 50. Kg3 Kh5 51. Rh7+ Kg6 52. Re7 b4 53. Bxb4 Rc2 54. Bc3 Rxg2+ 55. Kh3 g4+ 56. Kh4 Kf5 57. Be5 Be6 58. Bg3 Rxb2 59. Rg7 Kf6 60. Rg5 Bf5 61. Rh5 Rb3 62. Rh6+ Bg6 63. Kxg4 Rxa3 64. Rh1 Rc3 65. Ra1 Bc2 66. Be1 Re3 67. Rc1 Re4+ 68. Kf3 Rc4 69. Ra1 Ke5 70. Ke3 Kd5 71. Kd2 Bb3 72. Rc1 Rg4 73. Kc3 c5 74. Kb2 Rg2+ 75. Ka1 Bc2 76. Kb2 Bd3+ 77. Ka3 Bc4 78. Ra1 Bb3 79. Bc3 Kc4 80. Be5 Kb5 81. Bb2 Rg3 82. Rc1 Bd5+ 83. Rc3 Rg2 84. Rd3 Bg8 85. Rc3 Rg4 86. Re3 Bc4 87. Rc3 Bb3 88. Re3 Rh4 89. Rc3 Rh2 90. Re3 Bd5 91. Rd3 Be4 92. Re3 Bb1 93. Rg3 Rd2 94. Re3 Bd3 95. Rh3 Be4 96. Re3 Bd5 97. Rg3 Be6 98. Re3 Rd6 99. Be5 Rb6 100. Bb2 Kc4 101. Rc3+ Kd5 102. Rd3+ Kc6 103. Re3 Bd5 104. Rh3 Rb4 105. Re3 Be4 106. Rc3 Rb7 107. Re3 Kd5 108. Rh3 Bf5 109. Rf3 Bg6 110. Rg3 Rb6 111. Rg5+ Kc4 112. Rg4+ Kb5 113. Rg3 Be4 114. Re3 Bb1 115. Re1 Bd3 116. Rh1 Ka6 117. Rc1 Rb3+ 118. Ka2 Kb5 119. Rc3 Kb4 120. Rxb3+ axb3+ 121. Ka1 c4 122. Bc3+ Kxc3 1/2-1/2

[Event "FIDE Grand Swiss 2021"]
[Site "Riga LAT"]
[Date "2021.11.04"]
[Round "8.30"]
[White "Baadur Jobava"]
[Black "Arjun Erigaisi"]
[Result "1/2-1/2"]
[EventDate "?"]
[WhiteElo "2582"]
[BlackElo "2634"]
[PlyCount "66"]

1. c4 e6 2. Nc3 d5 3. d4 Bb4 4. cxd5 exd5 5. Bf4 c5 6. e3 Nf6 7. Ne2 O-O 8. Rc1 Nc6 9. dxc5 Bxc5 10. Nxd5 Nxd5 11. Rxc5 Be6 12. g3 g5 13. Bxg5 Qxg5 14. Bg2 Rad8 15. Nf4 Nce7 16. e4 Qe5 17. O-O Nc3 18. Rxe5 Nxd1 19. Nxe6 fxe6 20. Bh3 Nxb2 21. Rb5 Rd2 22. Bxe6+ Kh8 23. Rxb7 Nc6 24. Bf5 Nd4 25. Rxh7+ Kg8 26. Rxa7 Nd1 27. g4 Rb8 28. g5 Rbb2 29. Ra8+ Kg7 30. Ra7+ Kg8 31. Ra8+ Kg7 32. Ra7+ Kg8 33. Ra8+ Kg7 1/2-1/2

[Event "FIDE Grand Swiss 2021"]
[Site "Riga LAT"]
[Date "2021.11.03"]
[Round "7.40"]
[White "Arjun Erigaisi"]
[Black "Vadim Zvjaginsev"]
[Result "1-0"]
[EventDate "2021.10.27"]
[WhiteElo "2634"]
[BlackElo "2609"]
[PlyCount "88"]

1. d4 Nf6 2. Nf3 g6 3. c4 Bg7 4. Nc3 O-O 5. e4 d6 6. h3 c5 7. d5 e6 8. Bd3 exd5 9. exd5 Re8+ 10. Be3 Rxe3+ 11. fxe3 Qe7 12. O-O Nbd7 13. Qd2 b6 14. Rae1 Bb7 15. g4 h6 16. Qh2 Nh7 17. Ne4 Ne5 18. Nxe5 Bxe5 19. Qg2 Rf8 20. Re2 Bc8 21. a3 Qh4 22. Ref2 Kg7 23. Rf3 Ng5 24. Nxg5 hxg5 25. b4 f6 26. bxc5 bxc5 27. Rb1 f5 28. Qf2 Qxf2+ 29. Kxf2 f4 30. Rb8 Bc3 31. Ra8 a6 32. exf4 gxf4 33. g5 Bd4+ 34. Ke2 Be3 35. Ra7+ Rf7 36. Rxf7+ Kxf7 37. Be4 a5 38. Kd3 Bd7 39. h4 Ba4 40. Rf1 Bb3 41. Rb1 a4 42. Rh1 Ba2 43. Bf3 Bd4 44. Bd1 1-0

[Event "FIDE Grand Swiss 2021"]
[Site "Riga LAT"]
[Date "2021.11.01"]
[Round "6.30"]
[White "Volodymyr Onyshchuk"]
[Black "Arjun Erigaisi"]
[Result "1-0"]
[EventDate "2021.10.27"]
[WhiteElo "2622"]
[BlackElo "2634"]
[PlyCount "192"]

1. Nf3 c5 2. g3 g6 3. Bg2 Bg7 4. d4 cxd4 5. Nxd4 Nc6 6. Nb3 Nf6 7. Nc3 d6 8. h3 O-O 9. e4 Be6 10. Nd5 b5 11. O-O a5 12. c3 Nd7 13. Nd4 Bxd5 14. exd5 Nxd4 15. cxd4 Qb6 16. Be3 Rfc8 17. Qd2 b4 18. Rfc1 Nf6 19. Rxc8+ Rxc8 20. Rc1 Rxc1+ 21. Qxc1 Nd7 22. Qc4 Nf8 23. Kf1 f5 24. Ke2 Kf7 25. Kd3 h5 26. Bf3 Nd7 27. g4 hxg4 28. hxg4 Nf6 29. g5 Nd7 30. Bd1 Qb8 31. Qc6 Nb6 32. f4 Qa7 33. Qb5 Qc7 34. Bb3 Qa7 35. Bd1 Qc7 36. Be2 Qa7 37. Qc6 a4 38. Kd2 Qa5 39. Kd1 b3 40. axb3 axb3 41. Bb5 Kg8 42. Ke2 Kh7 43. Bd2 Qa7 44. Bc3 Qb8 45. Kd3 Qa7 46. Kd2 Bh8 47. Kd3 Bg7 48. Ke2 Kg8 49. Qe8+ Kh7 50. Qf7 Qa8 51. Bc6 Qa6+ 52. Kf2 Qc4 53. Be8 Qxd5 54. Qxg6+ Kg8 55. Kg3 Qe4 56. Qf7+ Kh8 57. Qh5+ Kg8 58. Qf7+ Kh8 59. Qh5+ Kg8 60. Bf7+ Kf8 61. Bxb3 Qe3+ 62. Kg2 d5 63. Qf3 Bxd4 64. Qxe3 Bxe3 65. Kf3 Bc5 66. Bc2 e6 67. b4 Bg1 68. Bd3 Kf7 69. Bb5 Nc8 70. Be5 Bb6 71. Bd7 Ne7 72. Bd6 Ng6 73. Ke2 Bd8 74. Kf3 Bb6 75. Kg3 Bd8 76. Bc8 Ne7 77. Ba6 Nc6 78. Be2 Kg6 79. Kh4 Nd4 80. Bh5+ Kh7 81. Be8 Ne2 82. Bb5 Nc3 83. Bd7 d4 84. Be5 Ne4 85. Bxe6 Kg6 86. Bxd4 Bc7 87. Be3 Nc3 88. Bc4 Nd1 89. Bc1 Bb6 90. Kg3 Ne3 91. Bb3 Nf1+ 92. Kg2 Ne3+ 93. Kf3 Ng4 94. Ba4 Bd4 95. Be8+ Kg7 96. b5 1-0

[Event "FIDE Grand Swiss 2021"]
[Site "Riga LAT"]
[Date "2021.10.31"]
[Round "5.41"]
[White "Arjun Erigaisi"]
[Black "Aleksandra Goryachkina"]
[Result "1-0"]
[EventDate "2021.10.27"]
[WhiteElo "2634"]
[BlackElo "2602"]
[PlyCount "134"]

1. d4 d5 2. c4 c6 3. Nf3 Nf6 4. Qb3 dxc4 5. Qxc4 Bg4 6. Nc3 Nbd7 7. Bf4 e6 8. e4 Bxf3 9. gxf3 Be7 10. O-O-O Rc8 11. Kb1 O-O 12. Rg1 Kh8 13. Bh3 b5 14. Qf1 Qa5 15. Ne2 b4 16. Rg5 Qb6 17. Be3 c5 18. d5 exd5 19. e5 Rcd8 20. exf6 Nxf6 21. Nf4 d4 22. Bc1 Ne4 23. fxe4 Bxg5 24. Nd5 Qg6 25. Bf5 Qh6 26. Rd3 Bxc1 27. Rh3 g6 28. Rxh6 Bxh6 29. Bh3 f5 30. Bg2 fxe4 31. Bxe4 Rde8 32. Qg2 c4 33. Kc2 d3+ 34. Kd1 Re5 35. h4 Rxd5 36. Bxd5 c3 37. bxc3 bxc3 38. Bb3 Rc8 39. Bc2 dxc2+ 40. Kxc2 Bg7 41. Qb7 Rd8 42. f4 h5 43. Qxa7 Rd2+ 44. Kc1 Rb2 45. a4 Rh2 46. Qa8+ Kh7 47. a5 Bd4 48. Qf3 Rf2 49. Qh3 Rxf4 50. a6 Kh6 51. Qg3 Rg4 52. Qh2 Re4 53. Kc2 Rg4 54. Kd3 Kg7 55. Qc7+ Kh6 56. Qe7 Bg1 57. Kxc3 Bd4+ 58. Kd3 Bg1 59. Qf8+ Kh7 60. Qf7+ Kh8 61. Kc3 Rg3+ 62. Kc4 Rg4+ 63. Kd5 Rd4+ 64. Ke5 Rg4 65. Qd7 Kg8 66. a7 Bxa7 67. Qxa7 1-0

[Event "FIDE Grand Swiss 2021"]
[Site "Riga LAT"]
[Date "2021.10.30"]
[Round "4.28"]
[White "Sanan Sjugirov"]
[Black "Arjun Erigaisi"]
[Result "1-0"]
[EventDate "2021.10.27"]
[WhiteElo "2663"]
[BlackElo "2634"]
[PlyCount "76"]

1. e4 e5 2. Nf3 Nf6 3. Nxe5 d6 4. Nf3 Nxe4 5. d4 d5 6. Bd3 Bd6 7. O-O O-O 8. c4 c6 9. Nc3 Nxc3 10. bxc3 dxc4 11. Bxc4 Bf5 12. Bg5 Qa5 13. Nh4 Be6 14. Bxe6 Qxg5 15. Nf3 Qa5 16. Bb3 Nd7 17. Qd3 Rae8 18. Rfe1 Nf6 19. g3 g6 20. h4 Kg7 21. Kg2 h6 22. Rad1 Qc7 23. c4 c5 24. d5 Nh5 25. Ba4 Re7 26. Rxe7 Qxe7 27. Re1 Qf6 28. Nd2 Qxh4 29. Ne4 Qe7 30. Qc3+ Be5 31. Nxc5 Qxc5 32. Qxe5+ Kg8 33. d6 Qxc4 34. Bb3 Qc8 35. Qe7 Kg7 36. d7 Qc6+ 37. Kg1 Qf6 38. Qxf8+ 1-0

[Event "FIDE Grand Swiss 2021"]
[Site "Riga LAT"]
[Date "2021.10.29"]
[Round "3.26"]
[White "Arjun Erigaisi"]
[Black "Rauf Mamedov"]
[Result "1/2-1/2"]
[EventDate "2021.10.27"]
[WhiteElo "2634"]
[BlackElo "2673"]
[PlyCount "60"]

1. d4 d5 2. c4 e6 3. Nc3 c5 4. cxd5 exd5 5. Nf3 Nc6 6. dxc5 d4 7. Na4 Bxc5 8. Nxc5 Qa5+ 9. Bd2 Qxc5 10. Rc1 Qb6 11. e3 dxe3 12. Bxe3 Qb4+ 13. Bd2 Qe7+ 14. Be2 Nf6 15. O-O O-O 16. Re1 Qd6 17. Bb5 Bg4 18. Bc3 Qxd1 19. Rexd1 Ne4 20. Bxc6 bxc6 21. Bd4 Rfd8 22. Be3 Rxd1+ 23. Rxd1 c5 24. Rc1 Be6 25. b3 a5 26. Bxc5 Nxc5 27. Rxc5 a4 28. bxa4 Rxa4 29. Rc2 Rxa2 30. Rxa2 Bxa2 1/2-1/2